| 000 | 00458 a2200157 4500 | ||
|---|---|---|---|
| 003 | OSt | ||
| 005 | 20241008141035.0 | ||
| 008 | 231019b |||||||| |||| 00| 0 eng d | ||
| 040 | _coclc | ||
| 082 |
_a492.7 _bSAA/E |
||
| 100 |
_aSaadi , Jaffer Omar Al _910501 |
||
| 245 |
_aEQRA 1 / _cJaffer Omar Al-Saadi |
||
| 260 |
_aCalicut: _bIndia Islamic University, _c2022. |
||
| 300 | _a216p. ; | ||
| 942 |
_2ddc _cBK _h492.7 _k492.7 _iSAA/E _mSAA/E |
||
| 999 |
_c42648 _d42648 |
||